State of trade report (Record no. 110700)

MARC details
000 -LEADER
fixed length control field 01453cad a22002415a 4500
001 - CONTROL NUMBER
control field E150026
008 - FIXED-LENGTH DATA ELEMENTS--GENERAL INFORMATION
fixed length control field 100525s2010 xxkd f s 000 0 eng d
035 ## - SYSTEM CONTROL NUMBER
System control number (Sirsi) u150026
041 0# - LANGUAGE CODE
Language code of text/sound track or separate title eng
050 04 - LIBRARY OF CONGRESS CALL NUMBER
Classification number 338.4569 $2 18
110 2# - MAIN ENTRY--CORPORATE NAME
Corporate name or jurisdiction name as entry element Northumbria University
Subordinate unit School of the Built Environment
9 (RLIN) 5649
245 00 - TITLE STATEMENT
Title State of trade report
Remainder of title 2010, quarter 1
Medium [electronic resource]
260 ## - PUBLICATION, DISTRIBUTION, ETC.
Place of publication, distribution, etc. London
Name of publisher, distributor, etc. National Specialist Contractors Council
Date of publication, distribution, etc. 2010
490 #0 - SERIES STATEMENT
Series statement NSCC State of Trade Report
Volume/sequential designation First Quarter 2010
520 ## - SUMMARY, ETC.
Summary, etc. Presents the results of the state of the trade survey of the first quarter of 2010. Reports that the amount of specialist contractors reporting working at more than 75% capacity rose to 52% of respondents. There is some difficulty in skilled labour recruitment, with the balance at -26%. The balances for increases in enquiries and orders are now at 36% and 39% respectively, which is the first positive balance since Q1 2008. 62% of specialist contractors report increases in suppliers' prices. Suggests that those reporting decreasing tender prices stood at 70%. 63% expect margins to reduce.
521 ## - TARGET AUDIENCE NOTE
Target audience note Advanced
590 ## - LOCAL NOTE (RLIN)
Local note KA
650 24 - SUBJECT ADDED ENTRY--TOPICAL TERM
Topical term or geographic name entry element NATIONAL SPECIALIST CONTRACTORS COUNCIL STATE OF TRADE REPORT
651 #4 - SUBJECT ADDED ENTRY--GEOGRAPHIC NAME
Geographic name United Kingdom
Chronological subdivision
690 ## - LOCAL SUBJECT ADDED ENTRY--TOPICAL TERM (OCLC, RLIN)
Topical term or geographic name as entry element BUILT ENVIRONMENT-CONSTRUCTION MARKET
856 40 - ELECTRONIC LOCATION AND ACCESS
Uniform Resource Identifier <a href="https://www.nscc.org.uk/documents/Q1Report.pdf">https://www.nscc.org.uk/documents/Q1Report.pdf</a>
Public note View the item free of charge at www.nscc.org.uk
942 ## - ADDED ENTRY ELEMENTS (KOHA)
Suppress in OPAC 0
Holdings
Withdrawn status Lost status Source of classification or shelving scheme Damaged status Not for loan Home library Current library Shelving location Date acquired Total Checkouts Full call number Barcode Date last seen Copy number Price effective from Koha item type
    Dewey Decimal Classification     Virtual Virtual Online 25/05/2010   ONLINE PUBLICATION 150026-2001 06/08/2019 1 06/08/2019 Book